000 00449nam a22001817a 4500
003 OSt
005 20260606122331.0
008 260606b |||||||| |||| 00| 0 eng d
020 _a9781041171683
082 _a005.8 THT
100 _aTHAKUR,Kutub
245 _aTransforming Cybersecurity with Machine Learning
250 _a1st Ed
260 _aLondon
_bCRC Press
_c2025
300 _a259p.
700 _aPATHAN,AL Sakib Khan
942 _2ddc
_cBK
999 _c14014
_d14014